000 00918nam a22002535i 4500
001 11607
003 ES-MaACL
005 20251209063020.0
008 920309s1985 sp ||||0| spa d
020 _a84-206-0005-9
080 _a929:53 Einstein, Albert
100 1 _aEinstein, Albert,
_d1879-1955
_946838
245 1 0 _aNotas autobiográficas /
_cAlbert Einstein ; prefacio de Paul Arthur Schilpp ; [traductor, Miguel Paredes].
250 _a1ª ed., 3ª reimp. en "El libro de bolsillo".
260 _aMadrid :
_bAlianza Editorial,
_c1985.
300 _a87 p ;
_c18 cm.
490 1 _aLibro de bolsillo. Humanidades ;
_v1005
600 1 4 _aEinstein, Albert,
_d1879-1955
_946838
700 1 _aSchilpp, Paul Arthur.
_9104367
700 1 _aParedes Larrucea, Miguel.
_989050
830 1 3 _aEl libro de bolsillo.
_pHumanidades
_v1005
_9178672
852 _aES-MaACL
_jL-18874
999 _c11607
_d11607